Young India; (Record no. 72332)

MARC details
000 -LEADER
fixed length control field 00830cam a22002291 4500
001 - CONTROL NUMBER
control field sa 67001000
003 - CONTROL NUMBER IDENTIFIER
control field DLC
005 - DATE AND TIME OF LATEST TRANSACTION
control field 20260227112319.0
008 - FIXED-LENGTH DATA ELEMENTS--GENERAL INFORMATION
fixed length control field 790727r1965uuuuii b f000 0 eng
010 ## - LIBRARY OF CONGRESS CONTROL NUMBER
LC control number sa 67001000
035 ## - SYSTEM CONTROL NUMBER
System control number (OCoLC)5218111
040 ## - CATALOGING SOURCE
Original cataloging agency DLC
Transcribing agency OCl
Modifying agency DLC
042 ## - AUTHENTICATION CODE
Authentication code premarc
050 00 - LIBRARY OF CONGRESS CALL NUMBER
Classification number DS448
Item number .L35 1965
100 0# - MAIN ENTRY--PERSONAL NAME
Personal name Lajpat Rai,
Titles and words associated with a name Lala,
Dates associated with a name 1865-1928.
245 10 - TITLE STATEMENT
Title Young India;
Remainder of title an interpretation and a history of the nationalist movement from within
Statement of responsibility, etc. [by] Lajpat Rai. With an introd. by V. C. Joshi.
260 ## - PUBLICATION, DISTRIBUTION, ETC.
Place of publication, distribution, etc. Delhi,
Name of publisher, distributor, etc. Publications Division, Ministry of Information & Broadcasting, Govt. of India
Date of publication, distribution, etc. [1965]
300 ## - PHYSICAL DESCRIPTION
Extent 199 p.
Dimensions 21 cm.
500 ## - GENERAL NOTE
General note A reprint of the 1st ed., published in 1916.
504 ## - BIBLIOGRAPHY, ETC. NOTE
Bibliography, etc. note Bibliography: p. [198]-199.
651 #0 - SUBJECT ADDED ENTRY--GEOGRAPHIC NAME
Geographic name India
General subdivision Politics and government
Chronological subdivision 1765-1947.

No items available.

Powered by Koha